2022 NFL Playoff Bracket - Statistics

General Stats
  • This quiz has been taken 647 times
  • The average score is 24 of 26
Answer Stats
Teams % Correct
² {Chiefs} 24
98%
² {Chiefs} 42
98%
² {Chiefs} 42
98%
⁴ {Rams} 20
98%
⁴ {Rams} 23
98%
⁴ {Rams} 30
98%
⁴ {Rams} 34
98%
⁴ {Bengals} 19
97%
⁴ {Bengals} 20
97%
⁴ {Bengals} 26
97%
⁴ {Bengals} 27
97%
³ {Bills} 36
94%
³ {Bills} 47
94%
⁶ {49ers} 13
93%
⁶ {49ers} 17
93%
⁶ {49ers} 23
93%
² {Bucs} 27
92%
² {Bucs} 31
92%
⁷ {Eagles} 15
91%
¹ {Packers} 10
91%
³ {Cowboys} 17
90%
⁷ {Steelers} 21
86%
¹ {Titans} 16
84%
⁵ {Raiders} 19
80%
⁶ {Patriots} 17
75%
⁵ {Cardinals} 11
72%
No matching quizzes found
Score Distribution
Percent of People with Each Score
Percentile by Number Answered
Your Score History
You have not taken this quiz